| 000 | 01309nam a22002777a 4500 | ||
|---|---|---|---|
| 005 | 20170411151035.0 | ||
| 008 | 140714b xxu||||| |||| 00| 0 Urdu d | ||
| 010 | _aUR-130 B-548028 B-665905 | ||
| 020 |
_a9789350732465 _c150.00 |
||
| 035 | _aU-130 B-548028 B-665905 | ||
| 037 | _bBPPD/Pub/Ven | ||
| 037 | _bPansy Books(Vend.)/Edu.pub. House(Pub.) | ||
| 040 |
_aDPL _bUrdu |
||
| 082 | _a844 | ||
| 100 | _aحسن الد ين ا حمد | ||
| 245 |
_aکا ر و ا ن خيا ل _cحسن الد ين ا حمد |
||
| 246 |
_aKarwan-e- Khiyal _bby Dr. Hasanuddin Ahmed |
||
| 260 |
_aد ھلی _bا يجو کيشنل پبليشنگ ہا ؤس _c2013 |
||
| 260 | _bPansy Books(Vender) | ||
| 270 |
_a3108،و کيل اسٹر يٹ ،کو چہ پنڈ ت ،لال کنو ا ن _bد ھلی _e110006 _k23216162،23214465 |
||
| 270 |
_aR2,/66/A Somesh Vihar,Chhawala _bNew Delhi _e110071 _k01125317355 |
||
| 300 |
_a126ص _c22Cm (Hb) |
||
| 942 |
_2ddc _cUR _e _h844 _mح س ن |
||
| 999 |
_c87377 _d87377 |
||